| 000 | 00717nam a2200241Ia 4500 | ||
|---|---|---|---|
| 003 | OSt | ||
| 005 | 20220928113551.0 | ||
| 006 | a|||||r|||| 00| 0 | ||
| 007 | ta | ||
| 008 | 220927b |||||||| |||| 00| 0 eng d | ||
| 024 | _a47265 | ||
| 037 | _cTextual | ||
| 040 |
_aSDCL _cSDCL _beng |
||
| 041 |
_2eng _aeng |
||
| 082 | _aV3:191'P, P2 | ||
| 100 |
_aKennedy Gregory C Ed. _9433839 |
||
| 245 | 0 |
_aIncidents and international relations _b People,power and personalities |
|
| 260 |
_aLondon _bPraeger _c2002 |
||
| 300 |
_avii,196p _ccm. |
||
| 700 |
_a Neilson Keith Ed. _9433840 |
||
| 942 |
_hV3:191'P, P2 _cTEXL _2CC |
||
| 999 |
_c750248 _d750248 |
||